A text book of water supply engineering/ (Record no. 19024)
[ view plain ]
| 000 -LEADER | |
|---|---|
| fixed length control field | 01099nam a2200373 a 4500 |
| 001 - CONTROL NUMBER | |
| control field | vtls000013590 |
| 003 - CONTROL NUMBER IDENTIFIER | |
| control field | NLI |
| 005 - DATE AND TIME OF LATEST TRANSACTION | |
| control field | 20210601181530.0 |
| 008 - FIXED-LENGTH DATA ELEMENTS--GENERAL INFORMATION | |
| fixed length control field | 101125s1956 ii a 001 0 eng |
| 020 ## - INTERNATIONAL STANDARD BOOK NUMBER | |
| Terms of availability | Rs. 5.00 |
| 039 #9 - LEVEL OF BIBLIOGRAPHIC CONTROL AND CODING DETAIL [OBSOLETE] | |
| -- | 201011250107 |
| -- | VLOAD |
| 040 0# - CATALOGING SOURCE | |
| Original cataloging agency | NLI |
| Language of cataloging | eng |
| Transcribing agency | VERGIS-2003 |
| 041 0# - LANGUAGE CODE | |
| Language code of text/sound track or separate title | eng |
| 044 ## - COUNTRY OF PUBLISHING/PRODUCING ENTITY CODE | |
| MARC country code | ii |
| 082 1# - DEWEY DECIMAL CLASSIFICATION NUMBER | |
| Classification number | 628.1 |
| 100 1# - MAIN ENTRY--PERSONAL NAME | |
| Personal name | Sadarangani, V.H. |
| 9 (RLIN) | 51695 |
| 245 12 - TITLE STATEMENT | |
| Title | A text book of water supply engineering/ |
| Statement of responsibility, etc. | V.H.Sadarangani |
| 260 ## - PUBLICATION, DISTRIBUTION, ETC. | |
| Place of publication, distribution, etc. | Bombay: |
| Name of publisher, distributor, etc. | Hira M.S.Fort, |
| Date of publication, distribution, etc. | 1956 |
| 300 ## - PHYSICAL DESCRIPTION | |
| Extent | 229 p.: |
| Other physical details | ill.fold maps; |
| Dimensions | 18 cm. |
| 500 ## - GENERAL NOTE | |
| General note | companion volume to the text book or sanitary engineering(Sewerage and Sewage disposal) |
| 650 #0 - SUBJECT ADDED ENTRY--TOPICAL TERM | |
| Topical term or geographic name entry element | Water |
| General subdivision | supply engineering |
| 650 #0 - SUBJECT ADDED ENTRY--TOPICAL TERM | |
| Topical term or geographic name entry element | Hydraulic engineering |
| 9 (RLIN) | 603 |
| 650 #0 - SUBJECT ADDED ENTRY--TOPICAL TERM | |
| Topical term or geographic name entry element | Water |
| General subdivision | Supply |
| 9 (RLIN) | 41365 |
| 650 #0 - SUBJECT ADDED ENTRY--TOPICAL TERM | |
| Topical term or geographic name entry element | Purification |
| 9 (RLIN) | 51696 |
| 887 ## - NON-MARC INFORMATION FIELD | |
| Content of non-MARC field | P.Prabakar. |
| 901 ## - LOCAL DATA ELEMENT A, LDA (RLIN) | |
| a | g7416 |
| b | 06/09/1963 |
| 902 ## - LOCAL DATA ELEMENT B, LDB (RLIN) | |
| a | E 628.1 Sa 15 |
| 903 ## - LOCAL DATA ELEMENT C, LDC (RLIN) | |
| a | 03/03/2004 |
| 904 ## - LOCAL DATA ELEMENT D, LDD (RLIN) | |
| a | P.Prabakar. |
| 906 ## - LOCAL DATA ELEMENT F, LDF (RLIN) | |
| a | 012521 |
| 949 ## - LOCAL PROCESSING INFORMATION (OCLC) | |
| -- | VIRTUAITEM |
| -- | 10000 |
| -- | 1 |
| -- | 100 |
| 6 | GXX000007416ENG |
| a | E 628.1 Sa15 |
| 942 ## - ADDED ENTRY ELEMENTS (KOHA) | |
| Source of classification or shelving scheme | Dewey Decimal Classification |
| Koha item type | Books |
| Withdrawn status | Lost status | Damaged status | Not for loan | Collection code | Home library | Current library | Shelving location | Date acquired | Total Checkouts | Full call number | Barcode | Date last seen | Price effective from | Koha item type |
|---|---|---|---|---|---|---|---|---|---|---|---|---|---|---|
| New English | National Library of India | National Library of India | New English - Main Stack Division | E 628.1 Sa 15 | GXX000007416ENG | 01/06/2021 | 01/06/2021 | Books |
